Levantamento de fungos poliporoides da caatinga e Mata Atlântica da Bahia (Registro n. 9343)
[ somente texto ]
| 000 -LÍDER | |
|---|---|
| fixed length control field | 03313nab a2200337 i 4500 |
| 003 - CÓDIGO MARC DA AGÊNCIA CATALOGADORA | |
| Campo de controle | BR-BrBNA |
| 005 - DATA E HORA DA ÚLTIMA ATUALIZAÇÃO | |
| Campo de controle | 20230825111820.0 |
| 008 - CAMPO DE TAMANHO FIXO | |
| fixed length control field | 230612b2022 bl.ar|pooa||| 00| 0 por | |
| 040 ## - FONTE DA CATALOGAÇÃO | |
| Agência catalogadora | BR-BrBNA |
| Idioma da catalogação | por |
| 072 ## - CATEGORIA AGRIS | |
| Código AGRIS | H20 |
| 072 ## - CATEGORIA AGRIS | |
| Código AGRIS | F70 |
| 072 ## - CATEGORIA AGRIS | |
| Código AGRIS | F40 |
| 100 ## - ENTRADA PRINCIPAL - NOME PESSOAL | |
| Nome pessoal | Santos, Cristiane Duarte dos |
| 100 ## - ENTRADA PRINCIPAL - NOME PESSOAL | |
| Nome pessoal | Candeias, Eliane Leal |
| 100 ## - ENTRADA PRINCIPAL - NOME PESSOAL | |
| Nome pessoal | Santos, Julielton Silva |
| 100 ## - ENTRADA PRINCIPAL - NOME PESSOAL | |
| Nome pessoal | Soares, Ana Cristina Fermino |
| 100 ## - ENTRADA PRINCIPAL - NOME PESSOAL | |
| Nome pessoal | Caiafa, Alessandra Nasser |
| 100 ## - ENTRADA PRINCIPAL - NOME PESSOAL | |
| Nome pessoal | Bezerra, José Luiz |
| 245 ## - TÍTULO PRINCIPAL | |
| Título principal | Levantamento de fungos poliporoides da caatinga e Mata Atlântica da Bahia |
| 500 ## - NOTA GERAL | |
| Nota geral | Publicação on-line; 39 ref.; 1 table; Summaries (En, Pt) |
| 942 ## - ADDED ENTRY ELEMENTS (KOHA) | |
| Koha item type | |
| 520 ## - NOTA DE RESUMO | |
| Nota de conteúdo | <br/><br/>A Caatinga e a Mata Atlântica são dois biomas com uma elevada diversidade biológica, reunindo um expressivo<br/>número de táxons raros e endêmicos com importância ecológica, cultural e econômica. Quanto aos fungos poliporoides<br/>a Caatinga é menos explorada que a Mata Atlântica. A maioria dos trabalhos, até o presente estudo, sobre fungos<br/>poliporoides no Brasil foram realizados na Mata Atlântica. Oito coletas, quatro em cada bioma nos anos 2014/2015,<br/>foram realizadas, resultando em 196 espécimes coletadas, 161 táxons estudados e 61 espécies identificadas,<br/>distribuídas em oito famílias (Fomitopsidaceae, Ganodermataceae, Hymenochaetaceae, Meruliaceae, Mycenaceae,<br/>Polyporaceae, Schizophyllaceae e Steraceae), tendo o gênero Ganoderma P. Karst. o maior número de espécies nos<br/>dois biomas, com alta similaridade entre eles e uma maior diversidade e abundância no bioma Mata Atlântica.<br/><br/>Palavras-chave: Basidiomicetos, Ganodermataceae, diversidade.<br/><br/><br/> |
| 520 ## - NOTA DE RESUMO | |
| Nota de conteúdo | Survey of polyporoid fungi from the Caatinga and Atlantic Forest of Bahia. <br/><br/>The Caatinga and the Atlantic Forest are two biomes with a high biological diversity, bringing together an expressive<br/>number of rare and endemic individuals with ecological, cultural and economic importance. As for the polyporoid<br/>fungi the Caatinga is less explored than the Atlantic Forest. Most of the studies up to the present study on<br/>polyporoid fungi in Brazil were carried out in the Atlantic Forest. Eight collections were carried out, four in each<br/>biome in the years 2014/205. They yelded 196 specimens, 61 species, eight families (Fomitopsidaceae,<br/>Ganodermataceae, Hymenochaetaceae, Meruliacae, Mycenaceae, Polyporaceae, Schizophyllaceae and Stereaceae).<br/>The genus Ganoderma presented the highest number of species in both biomes, with high similarity between the<br/>biomes and greater diversity and abundance in the Atlantic Forest biome.<br/><br/>Key words: Basidiomycetes, Ganodermataceae, diversity |
| 650 ## - ASSUNTO - THESAGRO | |
| Cabeçalho tópico ou nome geográfico | BASIDIOMICETES |
| 650 ## - ASSUNTO - THESAGRO | |
| Cabeçalho tópico ou nome geográfico | BIODIVERSIDADE |
| 650 ## - ASSUNTO - THESAGRO | |
| Cabeçalho tópico ou nome geográfico | FUNGO |
| 773 0# - ENTRADA ANALÍTICA | |
| Host Biblionumber | 1823 |
| Registro do item | 25162 |
| Imprenta | Itabuna-BA Comissão Executiva do Plano de Lavoura Cacaueira 1989 |
| Outro identificador | 2023-435741 |
| Título | Agrotrópica (Brazil) |
| ISSN | 0103-3816 |
| Colação | v. 34(2) p. 139-146; (May-Aug 2022) |
| Número de controle de registro | BR2023000642 |
| 856 ## - ACESSO E ENDEREÇO ELETRÔNICO | |
| Identificador uniforme de recurso - URI | https://www.gov.br/agricultura/pt-br/assuntos/ceplac/publicacoes/revista-agrotropica/artigos/2022/01033816.2022v34n2p139146.pdf |
| 856 ## - ACESSO E ENDEREÇO ELETRÔNICO | |
| Identificador uniforme de recurso - URI | https://www.gov.br/agricultura/pt-br/assuntos/ceplac/publicacoes/revista-agrotropica/revista-volumes/2022/REVISTAAGROTRPICA34.22022.pdf |
Nenhum exemplar disponível.

BINAGRI